000 00659nam a22002057a 4500
999 _c13592
_d13592
003 AR-CdUCM
008 190415b ||||| |||| 00| 0 spa d
040 _aMUNICIPALIDAD PROVINCIAL DEL CUSCO
_cBIBLIOTECA MUNICIPAL DEL CUSCO
082 _a985.09 /
_bV65 / 1952
100 _aLuna, Lizandro
_916131
245 _aBronce conmemorativo /
260 _aPuno :
_bUniverso,
_c1952.
300 _a81 páginas ;
_c19 cm.
505 _aContenido : Uilasaraki -- Plinto -- Bronce conmemorativo -- El obelisco de Azangaro ...
650 _aHistoria
_9246
650 _aBiografía
_922
650 _aPuno
_93897
942 _2ddc
_cLIBROS
945 _arah
_d15/04/2019